| 000 | 00404cam a2200181ua 4500 | ||
|---|---|---|---|
| 020 | _c2.50 | ||
| 041 |
_ahin _h |
||
| 082 |
_a891.43 _bMAH/NE |
||
| 100 | _aMahadevi, . | ||
| 245 |
_aNeeraja / _cMahadevi. _hTextual Documents |
||
| 250 |
_a1 / _b. |
||
| 260 |
_a : _bBharati Bhandar , _c1961. |
||
| 300 | _a109 ; . | ||
| 365 | _a2.50 | ||
| 504 | _a | ||
| 942 | _cBK | ||
| 999 |
_c12713 _d12713 |
||